| 000 | 00438nam a2200157Ia 4500 | ||
|---|---|---|---|
| 008 | 210716s2011 xx 000 0 und d | ||
| 020 | _a9788120343757 | ||
| 041 | _aeng | ||
| 082 | _a658.1599 BEKG | ||
| 100 | _aBekaert, Geert; Hodrick, Robert J. | ||
| 245 | _aInternational financial management. | ||
| 250 | _a1 | ||
| 260 |
_aNew Delhi _bPHI Learning private limited. _c2011 |
||
| 300 | _axxvii,810 | ||
| 650 | _aInternational Finance | ||
| 999 |
_c208200 _d208200 |
||